000 00648nam a2200241 i 4500
001 C2-0262976
003 PPAK
005 20180727231900.0
008 050308s2004 my |||| ||||| | eng d
020 _a9830651622
040 _aPPAK
_beng
_cPPAK
_erda
082 0 4 _a297.23
_223
090 0 0 _a297.23
_bTAL
_dG
100 1 _aTalukdar, Mohammad H. R.,
_eauthor
245 1 0 _aTen women of paradise
264 1 _aKuala Lumpur :
_bA. S. Noordeen ,
_c2004
300 _aviii, 183 pages ;
_c22 cm
336 _2rdacontent
_atext
337 _2rdamedia
_aunmediated
338 _2rdacarrier
_avolume
650 1 0 _aParadise (Islam).
942 _ddc
_cB
999 _c73236
_d73236